000 00395nam a2200157Ia 4500
008 230917s9999||||xx |||||||||||||| ||und||
020 _cRS100
040 _e49271
_aMAIN
041 _aEnglish
082 _a954.01 D137J
100 _aDahiya, B S
245 0 _aJats: the ancient rulers:clan study
260 _aNew Delhi
_bSterling Publishers
_c1980
300 _axviii, 356 p.
942 _cBK
999 _c208031
_d208031